Obálka Náhled e-knihy:
PDF Epub
Pro půjčování e-knih musíte být přihlášeni.
Jak si půjčit online?

Dusty. Zázrak o Vánocích /

Další kniha ze série napínavých příběhů o Pavlovi a jeho inteligentním čtyřnohém příteli Dustym. Tentokrát pátrají po tom, kam se ztrácejí zvířata z útulku.

Uloženo v:
Série:Dusty, část 4
Hlavní autor: Andersen, Jan, 1956- (Autor)
Další autoři: Kaas, Pavel, 1969- (Autor)
Médium: E-kniha
Jazyk:Czech
Vydáno: Brno : CPress, 2019
Vydání:1. vydání
Témata:
Příbuzné jednotky:Z cyklu:: Dusty
Tagy:
Žádné tagy
LEADER 02669nam a2200529 i 4500
001 311095
003 CZ PrSKC
005 20260601215659.0
007 ta
008 191029s2019 xr a c 000 j cze
015 |a cnb003156154 
020 |a 9788026427827  |q (vázáno) :  |c Kč 249,00 
035 |a (OCoLC)1130284172 
040 |a ABG001  |b cze  |d ABA001  |e rda 
041 1 |a cze  |h ger 
072 7 |a 821.112.2-3  |x Německá próza, německy psaná  |2 Konspekt 
072 7 |a 821-93  |x Literatura pro děti a mládež (beletrie)  |2 Konspekt 
080 |a 821.112.2-32  |2 MRF 
080 |a 821-93  |2 MRF 
080 |a (0:82-32)  |2 MRF 
100 1 |a Andersen, Jan,  |d 1956-  |7 xx0219469  |4 aut 
240 1 0 |a Dusty und das Winterwunder.  |l Česky 
245 1 0 |a Dusty.  |p Zázrak o Vánocích /  |c Jan Andersen ; překlad: Pavel Kaas 
246 3 0 |a Zázrak o Vánocích 
250 |a 1. vydání 
264 1 |a Brno :  |b CPress,  |c 2019 
300 |a 140 stran :  |b ilustrace ;  |c 22 cm 
336 |a text  |b txt  |2 rdacontent 
337 |a bez média  |b n  |2 rdamedia 
338 |a svazek  |b nc  |2 rdacarrier 
500 |a Přeloženo z němčiny 
500 |a V roce 2022 dotisk 
520 2 |a Další kniha ze série napínavých příběhů o Pavlovi a jeho inteligentním čtyřnohém příteli Dustym. Tentokrát pátrají po tom, kam se ztrácejí zvířata z útulku.  |b Veselé Vánoce? Pro Pavla sotva! Jeho nejlepší kamarádka Alex se poslední dobou chová divně, je uzavřená a nechce s nikým trávit čas. Dokonce ani s Pavlem a Dustym ne! Věnuje se pouze výpomoci v psím útulku. Když se z útulku začnou ztrácet zvířata, Pavel věří, že s Dustym dokážou případ vyřešit. Jenže jeho čtyřnohý kamarád má strach, že ho Pavel chce v útulku nechat. Nakladatelská anotace. Kráceno. 
521 8 |a Pro děti od 9 let 
546 |a Český text 
655 7 |a německé příběhy  |7 fd132944  |2 czenas 
655 7 |a publikace pro děti  |7 fd133156  |2 czenas 
655 9 |a German stories  |2 eczenas 
655 9 |a children's literature  |2 eczenas 
700 1 |a Kaas, Pavel,  |d 1969-  |7 mzk2003187004  |4 trl 
787 0 8 |i Z cyklu:  |t Dusty  |g 4 
900 |a ABA001  |b 21 
928 9 |a Albatros Media - CPress 
044 |a xr 
910 |a RBIT002 
998 |d 201927  |a https://core.palmknihy.cz/api/books/201927/cover?tf0slm  |b https://core.palmknihy.cz/api/books/201927/cover/400?tf0slm  |c https://core.palmknihy.cz/api/books/201927/cover/50?tf0slm  |e 2029-02-11  |g 144  |i 9788026427827  |j https://core.palmknihy.cz/api/books/201927/preview.epub  |k https://core.palmknihy.cz/api/books/201927/preview.pdf  |l   |q 49  |r 1  |s https://www.palmknihy.cz/kniha/201927  |t ebook  |y 2019  |z 0  |v Dusty  |w 4 
999 |d 311093